Signe astrologique celtique - Statistiques

Statistiques générales
  • Ce quiz a été pris 12 fois
  • Le résultat moyen est 8 sur 21
Statistiques - réponses
Dates Réponse % Correct
24 Juin Bouleau
100%
21 Mars Chêne
100%
2 Janvier- 11 Janvier et 5 Juillet- 14Juillet Sapin
71%
23 Septembre Olivier
57%
23 Décembre- 1 Janvier et 25 Juin- 4 Juillet Pommier
57%
25 Mai- 3 Juin et 22 Novembre- 1 Décembre Frêne
43%
22 Mars- 31 Mars et 24 Septembre- 3 Octobre Noisetier
43%
15 Mai- 24 Mai et 12 Novembre- 21 Novembre Châtaignier
29%
14 Juin- 23 Juin et 12 Décembre- 21 Décembre Figuier
29%
22 Décembre Hêtre
29%
21 Avril- 30 Avril et 24 Octobre- 11 Novembre Noyer
29%
4 Février- 8 Février, 1 Mai- 4 Mai et 5 Août-13 Août Peuplier
29%
1 Mars- 10 Mars et 3 Septembre- 12 Septembre Saule Pleureur
29%
11 Mars- 20 Mars et 13 Septembre- 22 Septembre Tilleul
29%
9 Février- 18 Février et 14 Août- 28 Août Cèdre
14%
4 Juin- 13 Juin et 2 Décembre- 11 Décembre Charme de la Caroline
14%
1 Avril- 10 Avril et 4 Octobre- 13 Octobre Cormier
14%
12 Janvier- 24 Janvier et 26 Juillet- 4 Août Cyprès
14%
11 Avril- 20 Avril et 14 Octobre- 23 Octobre Erable
14%
12 Janvier- 24 Janvier et 15 Juillet- 25 Juillet Orme
14%
19 Février- 28 Février et 24 Août- 2 Septembre Pin
14%
Aucun quiz correspondant
Distribution des résultats
% des personnes avec chaque résultat
Percentile par nombre de réponses
Votre historique - résultats
Vous n’avez pas pris ce quiz